[Event "FRA-ch U20 Girls"]
[Site "Montbeliard"]
[Date "2014.04.25"]
[Round "7"]
[White "Lecland, Elodie"]
[Black "Griggio, Julie"]
[Result "1-0"]
[WhiteElo "1691"]
[BlackElo "1847"]
[PlyCount "97"]
[EventDate "2014.04.20"]
[EventType "swiss"]
[EventRounds "9"]
[EventCountry "FRA"]
[SourceTitle "CBM 160 Extra"]
[Source "ChessBase"]
[SourceDate "2014.07.01"]
[SourceVersion "1"]
[SourceVersionDate "2014.07.01"]
[SourceQuality "1"]

1. e4 e6 2. d4 d5 3. exd5 exd5 4. Bd3 Nf6 5. h3 Bd6 6. Qf3 h6 7. Ne2 Nc6 8. c3 Be6 9. Bf4 Qe7 10. Bxd6 Qxd6 11. Qg3 0-0-0 12. Qxd6 Rxd6 13. Ng3 g6 14. Nd2 Nh7 15. 0-0-0 f5 16. Rde1 Nf6 17. f3 Re8 18. Re2 Bf7 19. Rxe8+ Nxe8 20. Ne2 Ng7 21. g4 Ne7 22. Ng3 h5 23. gxh5 Nxh5 24. Nxh5 gxh5 25. h4 f4 26. Rg1 Bg6 27. Kc2 Kd7 28. Rg5 Bxd3+ 29. Kxd3 Rh6 30. Nb3 b6 31. Nc1 c6 32. Ne2 Ng6 33. Rf5 Ke6 34. Rg5 Kf6 35. Rg1 Nxh4 36. Nxf4 Kf5 37. Ke3 Rh7 38. Nh3 Re7+ 39. Kf2 Rh7 40. Rg5+ Kf6 41. Kg3 Nf5+ 42. Kf4 Ng7 43. Re5 Ne6+ 44. Rxe6+ Kxe6 45. Ng5+ Kf6 46. Nxh7+ Kg6 47. Ng5 h4 48. Kg4 h3 49. Nxh3 1-0

[Event "FRA-ch U20 Girls"]
[Site "Montbeliard"]
[Date "2014.04.23"]
[Round "5"]
[White "Sonet, Laury"]
[Black "Lecland, Elodie"]
[Result "0-1"]
[WhiteElo "1280"]
[BlackElo "1691"]
[PlyCount "74"]
[EventDate "2014.04.20"]
[EventType "swiss"]
[EventRounds "9"]
[EventCountry "FRA"]
[SourceTitle "CBM 160 Extra"]
[Source "ChessBase"]
[SourceDate "2014.07.01"]
[SourceVersion "1"]
[SourceVersionDate "2014.07.01"]
[SourceQuality "1"]

1. d4 Nf6 2. c4 c5 3. Nf3 cxd4 4. Nxd4 e5 5. Nc2 d5 6. e3 Nc6 7. cxd5 Nxd5 8. Nc3 Nxc3 9. Qxd8+ Kxd8 10. bxc3 Be6 11. e4 Bc5 12. Be3 Bd6 13. Be2 Ke7 14. a3 Rhc8 15. 0-0 Na5 16. Rab1 Rxc3 17. Nb4 Bxb4 18. axb4 Nc6 19. Rfd1 Rb3 20. b5 Rxb1 21. Rxb1 Na5 22. Bd2 Nb3 23. Bb4+ Ke8 24. Bd1 Nd4 25. Bd6 f6 26. Ba4 b6 27. h3 Ne2+ 28. Kh2 Nc3 29. Rb4 Kd7 30. Bxe5 fxe5 31. g4 Ne2 32. Rb2 Nf4 33. Bd1 Rc8 34. Rd2+ Ke7 35. Kg3 Rc3+ 36. Bf3 Bc4 37. Ra2 Bxa2 0-1

[Event "FRA-ch U18 Girls"]
[Site "Nimes"]
[Date "2012.04.16"]
[Round "4"]
[White "Lecland, Elodie"]
[Black "Dubois, Marie"]
[Result "1/2-1/2"]
[WhiteElo "1689"]
[BlackElo "1792"]
[PlyCount "145"]
[EventDate "2012.04.14"]
[EventType "swiss"]
[EventRounds "9"]
[EventCountry "FRA"]
[SourceTitle "CBM 148 Extra"]
[Source "ChessBase"]
[SourceDate "2012.06.22"]
[SourceVersion "1"]
[SourceVersionDate "2012.06.22"]
[SourceQuality "1"]

1. e4 c5 2. Nf3 d6 3. Bb5+ Bd7 4. Bxd7+ Qxd7 5. 0-0 Nc6 6. c3 Nf6 7. Re1 g6 8. d4 Bg7 9. d5 Ne5 10. Nxe5 dxe5 11. Nd2 0-0 12. Nf1 Rfd8 13. c4 Ne8 14. Ng3 Nd6 15. Qe2 b5 16. b3 bxc4 17. bxc4 Qa4 18. Be3 Rdc8 19. Rec1 Rab8 20. Rc2 Rb7 21. Rac1 Qa5 22. f3 Rcb8 23. Qf2 Rc8 24. Nf1 f5 25. Bd2 Qa3 26. Ng3 f4 27. Nf1 Rb2 28. Be1 Rcb8 29. Rxb2 Rxb2 30. Rc2 Rb6 31. Rc3 Qb4 32. Rc2 Qa4 33. Rc1 Nxc4 34. Qxc5 Nd6 35. a3 Rb5 36. Qc7 Qxa3 37. Rc6 Rb7 38. Qd8+ Kf7 39. Bh4 h6 40. Bxe7 Rxe7 41. Qxd6 Qxd6 42. Rxd6 Bf8 43. Ra6 Rb7 44. Kf2 Rb2+ 45. Ke1 Bb4+ 46. Kd1 Rf2 47. Rxa7+ Ke8 48. Rg7 Rxf1+ 49. Ke2 Re1+ 50. Kf2 g5 51. Rg6 Re3 52. Rxh6 Be1+ 53. Kf1 Bh4 54. g3 fxg3 55. hxg3 Rxf3+ 56. Ke2 Rxg3 57. Re6+ Kd7 58. Rxe5 Rg2+ 59. Kf3 Rf2+ 60. Kg4 Rf4+ 61. Kh3 Rf3+ 62. Kg4 Rg3+ 63. Kh5 Rh3 64. Kg4 Re3 65. Kh5 Re1 66. Kg4 Rb1 67. Re6 Rg1+ 68. Kh5 Rh1 69. Kg4 Rg1+ 70. Kh5 Rh1 71. Kg4 Rg1+ 72. Kh5 Rh1 73. Kg4 1/2-1/2

[Event "FRA-ch U16 Girls"]
[Site "Montlucon"]
[Date "2011.04.23"]
[Round "8"]
[White "Lecland, Elodie"]
[Black "Bertrand, Meryl"]
[Result "1-0"]
[WhiteElo "1750"]
[BlackElo "1648"]
[PlyCount "27"]
[EventDate "2011.04.17"]
[EventType "swiss"]
[EventRounds "9"]
[EventCountry "FRA"]
[SourceTitle "CBM 142 Extra"]
[Source "ChessBase"]
[SourceDate "2011.06.27"]
[SourceVersion "1"]
[SourceVersionDate "2011.06.27"]
[SourceQuality "1"]

1. e4 e5 2. Nf3 Nc6 3. d4 exd4 4. Bc4 h6 5. 0-0 Bc5 6. c3 Na5 7. cxd4 Nxc4 8. dxc5 Na5 9. Nc3 Nc6 10. Bf4 Nge7 11. Nb5 Ng6 12. Nxc7+ Kf8 13. Bd6+ Kg8 14. Nxa8 1-0